| 000 | 01244nam0a2200301 4500 | ||
|---|---|---|---|
| 001 | RU\NLR\bibl\581371 | ||
| 005 | 20250610135706.0 | ||
| 010 |
_a5-352-00964-5 _93000 |
||
| 021 |
_aRU _b2004-64037 _93161 |
||
| 035 | _a(NLR Aleph) 000573369 | ||
| 090 |
_a1606661 _c1606661 |
||
| 100 | _a20041207d2004 |||y0rusy50 ca | ||
| 101 | 1 |
_arus _ccze |
|
| 102 | _aRU | ||
| 105 | _ay ||||||||| | ||
| 200 | 1 |
_aДругой город _e[Роман, повести, рассказы] _fМихал Айваз _g[Пер. с чеш. Екатерины Бобраковой-Тимошкиной] |
|
| 210 |
_aСПб. _cАзбука-классика _d2004 |
||
| 215 |
_a380, [1] с. _d21 |
||
| 320 | _aДр. работы авт. на 4-й с. обл. | ||
| 327 | 1 | _aСодерж.: Другой город: Роман; Бирюзовый орел: Повести: Белые муравьи; Парадоксы Зенона; Возвращение старого варана: Рассказы | |
| 686 | _aШ6(4Че)177-44{Лх1149-50} | ||
| 700 | 1 |
_aАйваз _bМ. _f1949- _gМихал _4070 |
|
| 801 | 0 |
_aRU _bNLR _c20041207 _gPSBO |
|
| 801 | 1 |
_aRU _bNLR _c20041207 |
|
| 942 | _cBOOK | ||
| 980 | _aNB | ||